000 00416nam a2200181Ia 4500
001 3655
005 20260306145659.0
008 260306t1967||||xx |||||||||||||| ||spa||
041 _aESP
082 _a301
_bP26
100 _aPareto, Vilfredo
_eAUT
245 0 _aForma y equilibrio sociales
260 _c1967
300 _a336 páginas :
_c22 cm.
650 _aGEN
654 _aCHU
942 _cLIB
_dJUS
_fJUS
_2ddc
_n
999 _c3655
_d3655